Lady Gaga - Disease - Lyrics - Statistics

General Stats
  • This quiz has been taken 58 times
  • The average score is 244 of 288
Answer Stats
Answer % Correct
I
100%
you
100%
You
100%
be
97%
your
97%
a
93%
disease
93%
in
93%
Like
93%
like
93%
me
93%
the
93%
can
90%
cure
90%
Cure
90%
on
90%
to
90%
could
87%
Eyes
87%
for
87%
one
87%
three
87%
two
87%
baby
83%
die
83%
doctor
83%
no
83%
tonight
83%
when
83%
are
80%
back
80%
down
80%
ecstasy
80%
gonna
80%
If
80%
inside
80%
roll
80%
There
80%
there
80%
You're
80%
you're
80%
believe
77%
cry
77%
life
77%
make
77%
more
77%
Poison
77%
tears
77%
beggin'
73%
heard
73%
sinner
73%
were
73%
medicine
70%
of
70%
play
70%
Runnin'
70%
Screamin'
70%
sleep
70%
so
70%
tortured
70%
antidote
67%
Lay
67%
out
67%
sickness
67%
been
63%
ever
63%
reach
63%
than
63%
you've
63%
all
60%
and
60%
one's
60%
with
60%
worse
60%
god
57%
memories
57%
smell
57%
without
50%
Bring
47%
desire
47%
know
47%
secrets
47%
prayer
43%
Plagued
40%
No matching quizzes found
Score Distribution
Percent of People with Each Score
Percentile by Number Answered
Your Score History
You have not taken this quiz